|
|
|
|
| LEADER |
00000nam0a2200000 4500 |
| 001 |
144585 |
| 005 |
20231031143740.0 |
| 035 |
|
|
|a (RuTPU)RU\TPU\book\156682
|
| 090 |
|
|
|a 144585
|
| 100 |
|
|
|a 20081006d1981 m y0rusy50 ca
|
| 101 |
0 |
|
|a rus
|
| 102 |
|
|
|a RU
|
| 105 |
|
|
|a a z 001zy
|
| 200 |
1 |
|
|a Теория волновых неустойчивостей
|e учебное пособие для вузов
|f С. Я. Вышкинд
|g Горьковский государственный университет им. Н. И. Лобачевского (ГГУ)
|
| 210 |
|
|
|a Горький
|c Изд-во ГГУ
|d 1981
|
| 215 |
|
|
|a 107 с.
|c ил.
|
| 320 |
|
|
|a Библиогр.: с. 106.
|
| 610 |
1 |
|
|a физика
|
| 610 |
1 |
|
|a акустика
|
| 610 |
1 |
|
|a акустические волны
|
| 610 |
1 |
|
|a волновые процессы
|
| 610 |
1 |
|
|a неустойчивые среды
|
| 610 |
1 |
|
|a неустойчивость
|
| 675 |
|
|
|a 534(075.8)
|v 3
|
| 700 |
|
1 |
|a Вышкинд
|b С. Я.
|g Светлана Яковлевна
|
| 712 |
0 |
2 |
|a Горьковский государственный университет им. Н. И. Лобачевского (ГГУ)
|2 stltpush
|3 (RuTPU)RU\TPU\col\2603
|
| 801 |
|
1 |
|a RU
|b 63413507
|c 20081006
|g PSBO
|
| 801 |
|
2 |
|a RU
|b 63413507
|c 20081024
|g PSBO
|
| 942 |
|
|
|c BK
|